KOHA-Header-6

Financial and Managerial Accounting the basis for Business decisions (Record no. 774)

000 -LEADER
fixed length control field 00355nam a2200121Ia 4500
008 - FIXED-LENGTH DATA ELEMENTS--GENERAL INFORMATION
fixed length control field 190722s9999 xx 000 0 und d
020 ## - INTERNATIONAL STANDARD BOOK NUMBER
International Standard Book Number 13.978.93.392.2013.6
100 ## - MAIN ENTRY--PERSONAL NAME
Personal name Williams Haka Bettner
245 #0 - TITLE STATEMENT
Title Financial and Managerial Accounting the basis for Business decisions
260 ## - PUBLICATION, DISTRIBUTION, ETC. (IMPRINT)
Place of publication, distribution, etc New Delhi
Name of publisher, distributor, etc MCGraw Hill ED
Date of publication, distribution, etc 2015
300 ## - PHYSICAL DESCRIPTION
Extent 1170
942 ## - ADDED ENTRY ELEMENTS (KOHA)
Koha item type Books
Holdings
Withdrawn status Lost status Source of classification or shelving scheme Damaged status Not for loan Collection code Permanent Location Current Location Shelving location Date acquired Total Checkouts Total Renewals Full call number Barcode Date last seen Date checked out Price effective from Koha item type
            MAJU MAJU   2019-07-22 6 2 657 7400 2025-05-26 2025-05-20 2019-07-22 Accounting

Powered by Koha